Statistiques concernant Tous les coureurs de l’équipe Bora Hansgrohe.

Cliquez ici pour prendre le quiz!

Statistiques générales

  • Ce quiz a été pris 5 fois
  • Le résultat moyen est 19 sur 29

Statistiques - réponses

NationalitéNomsPrénoms% Correct
🇪🇸AdriaRoger
100%
🇩🇪BuchmannEmanuel
100%
🇨🇴HiguitaSergio
100%
🇦🇺HindleyJay
100%
🇱🇺JungelsBob
100%
🇩🇪KamnaLennard
100%
🇧🇪MeeusJordi
100%
🇸🇮RoglicPrimoz
100%
🇳🇱Van PoppelDanny
100%
🇷🇺VlasovAlexandr
100%
🇵🇱BenedettiCesare
75%
🇩🇪DenzNico
75%
🇦🇹HallerMarco
75%
🇵🇱MaciejukFilip
75%
🇨🇴MartinezDaniel
75%
🇩🇪SchachmannMaximilian
75%
🇦🇺WelsfordSam
75%
🇮🇹AleottiGiovanni
50%
🇦🇹GamperPatrick
50%
🇩🇪HerzogEmil
50%
🇩🇪LipowitzFlorian
50%
🇮🇪MullenRyan
50%
🇩🇪PalzerAnton
50%
🇮🇹SobreroMatteo
50%
🇦🇹HajekAlexander
25%
🇩🇰WandhalFrederik
25%
🇩🇪KochJonas
0%
🇩🇪LuhrsLuis-joe
0%
🇩🇪ZwiehoffBen
0%

Distribution des résultats

Percentile par nombre de réponses

% des personnes avec chaque résultat

Votre développement - résultats

Vous n’avez pas pris ce quiz